Nature and extent of malnutrition in Bangladesh : Bangladesh national nutrition survey, 1995-96. part -1 /

書目詳細資料
主要作者: Jahan, Khursheed
企業作者: University of Dhaka. Institute of Nutrition and Food Science
其他作者: Hossain, Mosharaff
格式: 圖書
語言:English
主題:
Classic Catalogue: View this record in Classic Catalogue
LEADER 01414nam a2200289 a 4500
001 7311
003 BD-DhAAL
008 091011s1998 bg b f000 0 eng d
010 |a  99937598  
020 |a 9843104447 
040 |a DLC  |c DLC  |d DLC  |d BD-DhAAL 
082 0 0 |a 363.8095492   |2 23 
100 1 |a Jahan, Khursheed.  |9 56063 
245 1 0 |a Nature and extent of malnutrition in Bangladesh :  |b Bangladesh national nutrition survey,  |n 1995-96.  |n part -1 /  |c Khursheed Jahan and Mosharaff Hossain. 
264 |a Dhaka :  |b Institute of Nutrition and Food Science, University of Dhaka,  |c 1998. 
300 |a viii, 176 pages ;  |c 28 cm. 
504 |a Includes bibliographical references (pages 169-170). 
541 1 |a Donated by Rebecca Dipa Khan  |e 7311, 42332 
650 0 |a Nutrition surveys  |z Bangladesh.  |9 56064 
650 0 |a Malnutrition  |z Bangladesh.  |9 56065 
700 1 |a Hossain, Mosharaff. 
710 2 |a University of Dhaka.  |b Institute of Nutrition and Food Science.  |9 56066 
852 4 |a Ayesha Abed Library  |c General Stacks 
942 |2 ddc  |c BK 
999 |c 4407  |d 4407 
952 |0 0  |1 0  |2 ddc  |4 0  |6 363_809549200000000_JAH_1998  |7 0  |9 4111  |a BRACUL  |b BRACUL  |c GEN  |d 2009-10-11  |g 400.00  |l 0  |o 363.8095492 JAH  |p 3010007311  |r 2009-10-11  |t 1  |v 800.00  |w 2009-10-11  |y BK 
952 |0 0  |1 0  |2 ddc  |4 0  |6 363_809549200000000_JAH  |7 0  |9 75183  |a BRACUL  |b BRACUL  |c GEN  |d 2024-02-25  |e Donated By Rebecca Dipa Khan  |l 0  |o 363.8095492 JAH  |p 3010042332  |r 2024-02-25  |t 2  |w 2024-02-25  |y BK